El otro : una biografía política de eduardo duhalde /

Guardado en:
Autor Principal: López Echagüe, Hernán
Formato: Libro
Publicado: Buenos Aires : Planeta
Edición:3a. ed.
Series:Espejo de la Argentina
Materias:
Etiquetas: Agregar Etiqueta
Sin Etiquetas, Sea el primero en etiquetar este registro!
LEADER 00611nam a22002055a 4500
001 CEM.cems011508
005 20070919170403.0
008 130507b######################000#0#####d
003 CEMS
020 |a 9507426922 
082 0 4 |a 923 
100 1 |a López Echagüe, Hernán 
245 1 0 |a El otro :  |b una biografía política de eduardo duhalde /  |c Hernán López Echagüe 
250 |a 3a. ed. 
260 |a Buenos Aires :  |b Planeta 
300 |a 246 p. 
490 0 |a Espejo de la Argentina 
653 |a Biografías 
653 |a Duhalde, eduardo-biografía 
859 |a CEMS  |b BIB. CEMS - 11 de abril  |h 923  |i D85La3  |p 22465.04  |t Ej.1